000 00578nam a2200241Ia 4500
005 20260320201142.0
008 008 262003s9999 xx 000 0 eng d
037 _aEBOOK
040 _aCRL
040 _beng
040 _cCRL
041 _2eng
041 _aeng
084 _qCRL
100 _aMontrose
_91134093
245 0 _aTesting for EMC Compliance: Approaches and Techniques
260 _bIEEE
260 _c2004
856 _uhttps://ieeexplore.ieee.org/servlet/opac?bknumber=5237008
942 _cEBOOK
999 _c1719250
_d1719250